| 000 | 00603nam a2200205Ia 4500 | ||
|---|---|---|---|
| 005 | 20250508162753.0 | ||
| 008 | 008 250505s9999 xx 000 0 eng d | ||
| 020 | _a81-7169-106-4 | ||
| 037 | _aTextual | ||
| 040 |
_aFEDL _beng _cFEDL |
||
| 041 |
_aeng _2eng |
||
| 084 |
_a363.7, SHA _qFEDL |
||
| 100 |
_aSharma R. D. Ed. _9440273 |
||
| 245 | 0 | _aHuman resource development and environment | |
| 260 |
_aNew Delhi, India _bCommonwealth Publishers _c1991 |
||
| 300 | _axii,328p. | ||
| 650 |
_aEnvironmental Education _9766882 |
||
| 942 |
_cTEXL _h363.7, SHA |
||
| 999 |
_c1378609 _d1378609 |
||